[Event "Linares 20th"]
[Site "Linares"]
[Date "2003.03.09"]
[Round "14"]
[White "Vallejo Pons, Francisco"]
[Black "Ponomariov, Ruslan"]
[Result "0-1"]
[WhiteElo "2629"]
[BlackElo "2734"]
[Annotator "Ftacnik,L"]
[PlyCount "106"]
[EventDate "2003.02.22"]
[EventType "tourn"]
[EventRounds "14"]
[EventCountry "ESP"]
[EventCategory "20"]
[SourceTitle "CBM 094"]
[Source "ChessBase"]
[SourceDate "2003.05.26"]
[SourceVersion "1"]
[SourceVersionDate "2003.05.26"]
[SourceQuality "1"]

1. Nf3 Nf6 2. d4 e6 3. c4 b6 4. g3 Bb7 5. Bg2 Be7 6. O-O O-O 7. Nc3 Ne4 8. Bd2
Bf6 9. Qc2 Nxd2 10. Qxd2 d6 11. Rfd1 Nd7 12. b4 {Vallejo Pons is coming up
with a new strategic plan, after b4-b5 black will experience some problems
with the sensitive square c6.} g6 13. a4 (13. d5 $6 a5 $1 14. a3 $140 axb4 15.
axb4 Rxa1 16. Rxa1 exd5 17. cxd5 Bxc3 18. Qxc3 Bxd5 $15) 13... a5 14. b5 Bg7
15. Rac1 Qe7 (15... Re8 16. e3 Rc8 17. Qd3 e5 18. Nd2 $14) 16. Qg5 $1 {The
exchange of the queens aims to diminish the importance of the bishops pair,
for the endgame type of battle white pieces are already perfectly prepared.}
Nf6 (16... Qxg5 17. Nxg5 Bxg2 18. Kxg2 h6 19. Nf3 $14) (16... Rae8 17. Qxe7
Rxe7 18. e3 $14) 17. Ne1 Bxg2 18. Nxg2 Rac8 (18... Rfe8 19. e4 e5 20. dxe5 Qxe5
21. Qxe5 Rxe5 22. f3 $14) 19. Ne4 Rfd8 (19... c5 20. dxc5 dxc5 21. Rd3 $13) 20.
Ne3 h6 21. Nxf6+ Qxf6 (21... Bxf6 22. Qxh6 Bg5 23. Qh3 c5 24. f4 $14) 22. Qxf6
Bxf6 23. c5 $1 dxc5 (23... bxc5 24. dxc5 d5 25. Rc2 Rb8 26. Rb1 Bd4 27. Nf1 $14
) 24. dxc5 Bg5 (24... Rxd1+ 25. Rxd1 bxc5 26. Nc4 Kf8 27. Rc1 Ke8 28. Kg2 Ra8
29. Kf3 $14) 25. c6 (25. f4 $5 Be7 (25... Bf6 26. c6 Bb2 27. Rb1 Bd4 28. Kf2
Rd6 29. Kf3 Rcd8 30. Nc4 Rd5 31. e4 $14) 26. c6 Bc5 27. Kf2 Kf8 28. Kf3 Bxe3
29. Kxe3 Ke7 30. Ke4 $14) 25... Kf8 26. Rd7 {White is unduly avoiding the
possibility of 26.f4!, since in that case the defense would be more
problematic for Ponomariov.} (26. f4 $1 $14) 26... Bxe3 27. fxe3 Rxd7 28. cxd7
Rd8 29. Rxc7 Ke7 30. Rb7 Rxd7 31. Rxb6 (31. Rxd7+ $2 Kxd7 $19) 31... Rd1+ 32.
Kf2 Ra1 33. Rb7+ (33. e4 Rxa4 34. e5 Rb4 35. Rb7+ Kd8 36. b6 a4 37. h3 a3 38.
Kf3 a2 (38... Ra4 39. Ra7) 39. Ra7 Rb2 40. Ra8+ Kd7 41. b7 $11) 33... Kd6 34.
Rb6+ (34. Rxf7 Rxa4 35. Rf6 g5 36. Rxh6 Rb4 37. h4 Rxb5 38. Rh8 $11) 34... Kd5
35. e4+ $2 {The frustrated Spaniard feels, that he completely have lost the
advantage, but this pawn sacrifice will be dangerous for him.} (35. Rb7 Rxa4
36. Rxf7 Rb4 37. Rf6 Rxb5 38. Rxg6 a4 39. Rxh6 a3 40. Rh4 Ra5 41. Rd4+ Ke5 42.
Rd1 a2 43. Ra1 Kd5 44. h4 Kc4 45. g4 Kb3 46. h5 $13) 35... Kxe4 36. Ra6 (36.
Rb7 f5 $15) 36... Rxa4 37. b6 e5 38. b7 Rb4 39. Ra7 (39. Rxa5 Rxb7 40. Ra4+ Kf5
41. h3 Rb6 $17) 39... h5 40. h3 (40. b8=Q Rxb8 41. Rxf7 Ra8 42. Rf3 a4 43. Ra3
Kd4 $19) 40... f6 41. Rxa5 (41. g4 $1 hxg4 42. hxg4 Kf4 43. Rxa5 Rxb7 44. Ra4+
Kg5 45. e3 Rh7 46. Kg3 Rh4 47. Re4 f5 48. Rxe5 Rxg4+ 49. Kf3 $17) 41... Rxb7
42. Ra4+ (42. g4 $1 hxg4 (42... Kf4 43. gxh5 gxh5 44. Ra4+ Kf5 45. e3 $17) 43.
Ra4+ Kf5 44. hxg4+ Kg5 45. e3 $17) 42... Kf5 43. e4+ $2 {It seems most likely,
that after this move white is beyond hope. Brilliant technician from Ukraine
will realize the advantage with great confidence.} (43. g4+ $1) 43... Kg5 44.
Ra6 (44. h4+ Kg4 45. Ra3 Rb2+ 46. Kf1 f5 $19) 44... Rf7 45. Kf3 h4 $1 46. Rb6 (
46. g4 Rc7 47. Ra2 Rc3+ 48. Kg2 Rg3+ 49. Kh2 Re3 50. Ra4 Kf4 51. Ra6 Re2+ 52.
Kg1 Rxe4 $19) (46. gxh4+ Kxh4 47. Ra8 Rh7 48. Rg8 Kg5 49. Kg3 Rh6 50. Rg7 Rh8
$19) 46... Rh7 47. Re6 (47. g4 Ra7 $19) 47... hxg3 48. Kxg3 Rh4 $1 49. Rxf6 $8
Rxh3+ 50. Kxh3 Kxf6 51. Kg4 Kf7 52. Kh4 Kg8 53. Kg4 Kh7 0-1

[Event "Ponomariov-Short Training match"]
[Site "Yalta"]
[Date "2003.08.02"]
[Round "8"]
[White "Short, Nigel D"]
[Black "Ponomariov, Ruslan"]
[Result "1-0"]
[WhiteElo "2701"]
[BlackElo "2718"]
[PlyCount "133"]
[EventDate "2003.03.28"]
[EventType "match"]
[EventRounds "8"]
[EventCountry "UKR"]
[SourceTitle "EXT 2017"]
[Source "ChessBase"]
[SourceDate "2016.10.25"]
[SourceVersion "1"]
[SourceVersionDate "2016.10.25"]
[SourceQuality "1"]

1. e4 e5 2. Nf3 Nc6 3. Bc4 Bc5 4. b4 Bxb4 5. c3 Ba5 6. d4 d6 7. Qb3 Qd7 8. dxe5
Bb6 9. Nbd2 Na5 10. Qc2 Nxc4 11. Nxc4 d5 12. Bg5 h6 13. Bh4 Qg4 14. O-O-O g5
15. e6 Bxe6 16. exd5 Bd7 17. Rhe1+ Kf8 18. Re4 Qf5 19. g4 Qh7 20. Nfe5 Be8 21.
Qe2 Nf6 22. Rf4 Qg7 23. d6 Kg8 24. d7 Nxd7 25. Rxd7 gxf4 26. Qf3 Bxd7 27. Nxd7
Be3+ 28. Kb2 Bd4 29. Kb3 Bxc3 30. Qxc3 Qxc3+ 31. Kxc3 Re8 32. Nce5 Rxe5 33.
Nxe5 Kg7 34. Nd3 f3 35. Bg3 Re8 36. Ne5 c5 37. Nxf3 b5 38. h3 Re2 39. Nd2 a5
40. Kc2 a4 41. Kd1 Re6 42. Bf4 Kg6 43. Be3 Re5 44. Kc2 h5 45. Nf3 Rd5 46. Ne1
hxg4 47. hxg4 c4 48. Kc3 f5 49. Ng2 Rd3+ 50. Kb4 fxg4 51. Nf4+ Kf5 52. Nxd3
cxd3 53. Kc3 Ke4 54. Bc5 Kd5 55. Be7 Ke4 56. Kd2 Kf3 57. Bh4 Ke4 58. a3 Kd4 59.
Bg5 Kc4 60. Bf6 Kb3 61. Be7 Kc4 62. Ke3 Kc3 63. Bf8 b4 64. Bxb4+ Kc2 65. Bd2
Kb3 66. Kxd3 Kxa3 67. Kc2 1-0

[Event "Leon 16th"]
[Site "Leon"]
[Date "2003.06.07"]
[Round "1.2"]
[White "Ponomariov, Ruslan"]
[Black "Vallejo Pons, Francisco"]
[Result "1-0"]
[WhiteElo "2718"]
[BlackElo "2645"]
[Annotator "Dautov,R"]
[PlyCount "77"]
[EventDate "2003.06.06"]
[EventType "k.o. (rapid)"]
[EventRounds "2"]
[EventCountry "ESP"]
[SourceTitle "CBM 096"]
[Source "ChessBase"]
[SourceDate "2003.09.25"]
[SourceVersion "1"]
[SourceVersionDate "2003.09.25"]
[SourceQuality "1"]

1. d4 d5 2. c4 e6 3. Nf3 Nf6 4. Nc3 Be7 5. Bf4 O-O 6. e3 Nbd7 7. c5 c6 8. h3 (
8. Bd3 b6 9. b4 a5 10. a3 Ba6 11. O-O Bxd3 12. Qxd3 Qc8 13. h3 Qb7 14. Rab1
axb4 15. axb4 Ra3 16. Qc2 Rfa8 17. Rfc1 h6 18. Ne1 Bd8 19. Nd3 b5 20. f3 Bc7
21. g4 g5 22. Bh2 Qb8 23. Bxc7 Qxc7 24. Qh2 Qxh2+ 25. Kxh2 Kg7 26. Kg3 h5 27.
Kf2 hxg4 28. hxg4 Rh8 $11 {Dreev,A-Balashov,Y/Smolensk 2000}) 8... b6 9. b4 a5
10. a3 Ba6 11. Bxa6 Rxa6 12. O-O ({Ponomariov verzichtet auf die scharfen
Varianten nach} 12. b5 cxb5 13. c6 Qc8 14. c7) 12... Qa8 13. Rb1 Qb7 14. Qc2
axb4 15. axb4 Rfa8 16. Ne1 {Weiß folgt dem Plan aus der Partie Dreev-Balashov,
s. die Variante zu 8.Bd3.} b5 17. Nd3 Bd8 18. f3 Bc7 $11 {Vallejo spielte die
Eröffnung sehr sicher und erreichte eine ausgeglichene Stellung.} 19. g4 Qb8
20. Bxc7 ({In Frage kam} 20. Qh2 $5 Bxf4 21. exf4 $13 {, und Weiß erobert das
wichtige Feld e5.}) 20... Qxc7 21. Qh2 Qd8 $1 {Vallejo verzichtet auf das
Endspiel und hofft, die etwas "luftige" Stellung des weißen Königs auszunutzen.
} 22. Qg3 Ra3 23. Rfc1 Ne8 24. h4 Qe7 25. Kf2 f6 26. g5 Qf7 27. Ke2 Qg6 28. Qg4
(28. Nf4 $2 Qf5 29. e4 $4 dxe4 30. fxe4 Rxc3 $1 $19) (28. Kd2 $5) 28... Nc7 29.
Nf4 Qf7 $6 {Läßt die Verankerung des weißen Springers auf g6 zu, was in einer
Schnellschachpartie immer unangenehm ist. Vorsichtiger war 29...Qe8.} (29...
Qe8 30. gxf6 Nxf6 31. Qg5 Nd7 $11) 30. g6 $1 hxg6 31. Nxg6 e5 32. Kd2 (32. Qh5
Qe8) 32... f5 $6 {Eine Ungenauigkeit, die unbestraft bleibt.} (32... Ne6 33.
Qh5 Qe8 $11) 33. Qxf5 $6 (33. Qh5 $1 Qf6 (33... Qe6 34. Qxf5 $16) 34. Qxf5 exd4
35. Qxf6 dxe3+ 36. Kxe3 Nxf6 37. Ne7+ $16) 33... exd4 34. exd4 Ne6 $1 $11 35.
Re1 Nxd4 36. Qh5 Qxf3 $4 {[%mdl 8192] Ein furchbarer Patzer, der nur mit
Zeitnot zu erklären ist. Schwarz wird nun forciert mattgesetzt. Nach 36..Qf6
hätte Ponomariov Dauerschach geben müssen.} (36... Qf6 37. Ne7+ Kf8 38. Ng6+
$11) (36... Nxf3+ 37. Kd1 Qf6 38. Ne7+ $11) 37. Qh8+ Kf7 38. Re7+ Kxg6 39.
Qxg7+ 1-0

[Event "Leon 16th"]
[Site "Leon"]
[Date "2003.06.07"]
[Round "1.3"]
[White "Vallejo Pons, Francisco"]
[Black "Ponomariov, Ruslan"]
[Result "0-1"]
[WhiteElo "2645"]
[BlackElo "2718"]
[Annotator "Huzman,A"]
[PlyCount "96"]
[EventDate "2003.06.06"]
[EventType "k.o. (rapid)"]
[EventRounds "2"]
[EventCountry "ESP"]
[SourceTitle "CBM 096"]
[Source "ChessBase"]
[SourceDate "2003.09.25"]
[SourceVersion "1"]
[SourceVersionDate "2003.09.25"]
[SourceQuality "1"]

1. e4 e5 2. Nf3 Nf6 3. Nxe5 d6 4. Nf3 Nxe4 5. Nc3 Nxc3 6. dxc3 Be7 7. Bf4 Nc6
8. Qd2 Bg4 9. O-O-O Qd7 (9... Bxf3 10. gxf3 Qd7 11. h4 O-O-O 12. Qd5 f5 13. Bb5
g6 14. h5 g5 15. Be3 f4 16. Bxa7 $16 {1-0 Cabanas,F-Kruger,B/CAN 1985/EXT 2002
(49)}) 10. Bc4 (10. h3 Bxf3 11. gxf3 a6 12. h4 O-O 13. Bh3 f5 14. Qd5+ Kh8 15.
h5 Qd8 16. h6 g6 17. Be3 Bg5 18. f4 Bxh6 19. Bf1 Bg7 20. Qg2 Qe8 21. Qh3 h5 22.
Bg2 $44 {1-0 Dembo,Y-Sendur,A/Budapest 2001/CBM 80 ext (40)}) 10... Be6 (10...
O-O 11. Bd5 Rae8 12. h3 Be6 13. c4 Bf6 14. Bg5 Bxg5 15. Nxg5 Bxd5 16. cxd5 Ne5
17. Rhe1 h6 18. Ne4 {1/2-1/2 Volokitin,A-Christiansen,L/Bermuda 2003/CBM 94_01
(18)}) 11. Bd3 (11. Bd5 O-O-O 12. c4 Bf6 13. Rhe1 h6 14. h3 Rhe8 15. Re3 Bxd5
16. cxd5 Ne5 17. Qb4 Nxf3 18. Rb3 c5 19. dxc6 Qxc6 20. Rxf3 Re2 $132 {1-0
Geller,J-Kazantsev,V/Samara 2001/EXT 2003 (39)}) 11... O-O-O 12. Rhe1 a6 13.
Ng5 Bxg5 14. Bxg5 Rde8 15. Bf4 Bf5 16. Bc4 Na5 $1 17. Bd5 Be6 18. b3 Bxd5 19.
Qxd5 Nc6 $11 20. c4 Rxe1 (20... Re6 21. c5 Rxe1 22. Rxe1 dxc5 23. Qxc5 $14) 21.
Rxe1 Re8 22. Rxe8+ Qxe8 23. Qf5+ $5 (23. c5 dxc5 (23... Qe1+ 24. Kb2 Qxf2 $2
25. Qf5+ Kb8 26. cxd6 $18) 24. Qxc5 g6 $11) 23... Kb8 24. Qxh7 Qe1+ 25. Kb2
Qxf2 26. Qe4 b6 $1 27. g4 $2 (27. Qxc6 Qxf4 28. h3 $11) 27... Nd8 $1 $15 28.
Qe3 Qf1 29. a4 a5 30. Bg3 Qf6+ 31. Qc3 Qg6 32. Qf3 Ne6 33. Qf5 $2 (33. Bf2 $142
Ng5 34. Qf4 (34. Qf5 Qxf5 35. gxf5 Kc8 $15) 34... Ne4 (34... Nh3 35. Qf3 Nxf2
36. Qxf2 $11) 35. Bd4 $11) 33... Qxf5 34. gxf5 Nd4 35. f6 g6 $17 {[%csl Rf6]}
36. c3 Nc6 37. Ka3 $2 (37. Kc2 Kc8 38. Kd3 Kd7 39. c5 $1 dxc5 (39... bxc5 40.
Kc4 Na7 41. Bf2 $132 {[%cal Gb3b4,Gf2a7]}) 40. Ke4 Nd8 $17 {[%cal Yd8b7,Yb7d6]}
) 37... Ne5 $19 38. c5 bxc5 39. b4 $2 Nc4+ 40. Kb3 Nd2+ 41. Kc2 Ne4 42. b5 Nxg3
43. hxg3 Kc8 44. Kd3 (44. c4 Kd7 45. Kd3 Ke6 46. Ke4 g5 47. g4 d5+ 48. cxd5+
Kd6 $18) 44... d5 45. c4 d4 46. Ke4 Kd7 47. g4 g5 48. Ke5 d3 0-1

[Event "Leon 16th"]
[Site "Leon"]
[Date "2003.06.07"]
[Round "1.4"]
[White "Ponomariov, Ruslan"]
[Black "Vallejo Pons, Francisco"]
[Result "1-0"]
[WhiteElo "2718"]
[BlackElo "2645"]
[Annotator "Dautov,R"]
[PlyCount "77"]
[EventDate "2003.06.06"]
[EventType "k.o. (rapid)"]
[EventRounds "2"]
[EventCountry "ESP"]
[SourceTitle "CBM 096"]
[Source "ChessBase"]
[SourceDate "2003.09.25"]
[SourceVersion "1"]
[SourceVersionDate "2003.09.25"]
[SourceQuality "1"]

1. Nf3 d5 2. d4 Nf6 3. c4 e6 4. Nc3 Be7 5. Bf4 O-O 6. e3 Nbd7 7. a3 c5 8. cxd5
Nxd5 9. Nxd5 exd5 10. dxc5 Nxc5 {Die Variante mit 7.a3 wird in der letzten
Zeit häufiger gespielt. Die Erklärung ist einfach: in der entstandenen
Hauptstellung läuft Weiß keinerlei Verlustgefahr, während Schwarz sehr genau
spielen muß, um Remis zu erreichen.} 11. Be2 {Meistens wird hier 11.Be5
gespielt, aber der Textzug hat auch seine Vorteile.} (11. Be5 Bf6 12. Bxf6 Qxf6
13. Qd4 Qxd4 14. Nxd4 Bd7 15. f3 Rfc8 $1 16. Kd2 Ne6 17. Nxe6 $1 Bxe6 18. Bd3
Kf8 19. g4 h6 20. h4 Ke7 21. g5 Rh8 22. Kc3 $14 {Zvjaginsev,V-Vescovi,G/
Poikovsky 2003}) 11... Bg4 (11... Bf6 12. Be5 Bxe5 13. Nxe5 Be6 (13... Qf6 $2
14. Qxd5 $16) 14. Nf3 $1 Qb6 15. Qd4 Nb3 16. Qxb6 axb6 17. Rd1 Rfc8 18. Bd3 Nc5
19. Bc2 b5 20. Nd4 $14 {Gurevich,M-Golod,V/Cappelle la Grande 1999}) (11... Bg4
12. Be5 Bf6 13. Bxf6 Qxf6 14. Qd4 Qxd4 15. Nxd4 Bxe2 16. Kxe2 Rfd8 17. Rhd1 Kf8
18. Rac1 Rac8 19. Rd2 Ne4 20. Rdc2 Rxc2+ 21. Rxc2 Ke8 22. f3 Nf6 23. Rc7 Rd7
24. Rc8+ Rd8 25. Rxd8+ Kxd8 26. Nb5 Ne8 27. Kd3 Kd7 28. Kd4 Nd6 29. Nxa7 Nf5+
30. Kxd5 Nxe3+ 31. Kc5 Nxg2 32. Kb6 Ne1 33. Kxb7 Nxf3 34. Nc6 Nd2 35. a4 Nc4
36. b4 f5 37. a5 f4 38. a6 f3 39. a7 Nd6+ 40. Kb6 Nc8+ 41. Kc5 Nxa7 42. Ne5+
Ke6 43. Nxf3 Kf6 44. Nd4 g5 45. Nc6 Nc8 46. b5 Ke6 47. Na7 Nd6 48. b6 g4 49.
Nc8 Nb7+ 50. Kc6 Na5+ 51. Kc7 h5 52. Nd6 h4 53. Nc4 g3 54. hxg3 hxg3 55. Nxa5
g2 56. b7 {1/2-1/2 Stojanovic,M-Vujosevic,V/Herceg Novi 2000/EXT 2001 (56)})
12. Be5 Bf6 13. Bxf6 Qxf6 14. Qd4 Qxd4 (14... Ne4 15. Qxf6 Nxf6 16. Nd4 Bxe2
17. Kxe2 Rfc8 18. Rac1 a6 19. f3 Kf8 20. g4 g6 21. Rhd1 $14 {Leitao,R-Bruzon,L/
Havana 2003}) 15. Nxd4 Bxe2 16. Kxe2 $14 {Weiß hat ein leicht besseres
Endspiel- sein König ist aktiv, und der gegnerische Isolani neigt zur Schwäche.
} Rfc8 $1 $146 (16... Rfd8 17. Rhd1 Kf8 18. Rac1 Rac8 19. Rd2 Ne4 20. Rdc2
Rxc2+ 21. Rxc2 Ke8 22. f3 Nf6 23. Rc7 Rd7 24. Rc8+ Rd8 25. Rxd8+ Kxd8 26. Nb5
$14 {Stojanovic,M-Vujosevic,V/Herceg Novi 2000}) 17. Rac1 Ne6 (17... Kf8 18.
Rc2 Ne6 19. Nxe6+ (19. Rhc1 Nxd4+ 20. exd4 Rxc2+ 21. Rxc2 $14) 19... fxe6 20.
Rhc1 Rxc2+ 21. Rxc2 $14) 18. Nf5 Kf8 19. Rhd1 g6 20. Nd6 (20. Rxc8+ Rxc8 21.
Nd6 Rd8 22. Nb5 a6 23. Nd4 Rc8 $11) 20... Rxc1 $2 {In einer
Schnellschachpartie achtet man selten auf Details. Schwarz konnte mit 20...
Rc6! die c-Linie halten. Nach dem fehlerhaften Textzug landet Schwarz in einer
äußerst unangenehmen Stellung.} (20... Rc6 $1 21. Nb5 (21. Rxc6 bxc6 22. b4 Rb8
23. Rc1 Ke7 24. Rxc6 Kd7 25. b5 Nd8 26. Ra6 Rb6 $17) 21... Rac8 22. Rxc6 bxc6
$11) 21. Rxc1 d4 $1 (21... Rd8 $2 22. Rc8 Rxc8 23. Nxc8 a6 24. Kd3 $16 {/\Nb6})
(21... Ke7 $2 22. Rc8 $16) 22. b4 {/\Nxb7} Rb8 23. Rc8+ (23. exd4 Nxd4+ 24. Kd3
Ne6 25. Ke4 $16) 23... Rxc8 24. Nxc8 a6 25. exd4 Nxd4+ 26. Kd3 Ne6 27. Ke4 $16
{Die Partie liefert ein gutes Beispiel dafür, daß in einem Springerendspiel
die Aktivität des Königs nicht selten entscheidend ist.} h5 (27... Nc7 28. a4
$16) 28. Ke5 h4 29. Nd6 b5 30. Kf6 $18 Nf4 (30... Nd8 31. h3 Kg8 32. g3 hxg3
33. fxg3 Kf8 34. g4 $18) 31. Nxf7 Nxg2 32. Ne5 h3 33. Nxg6+ Ke8 34. Ke6 Ne1 35.
f4 Nf3 36. f5 Nd4+ 37. Kf6 Nf3 38. Kg7 Kd7 39. f6 1-0

[Event "Leon 16th"]
[Site "Leon"]
[Date "2003.06.08"]
[Round "2.4"]
[White "Ponomariov, Ruslan"]
[Black "Topalov, Veselin"]
[Result "1/2-1/2"]
[WhiteElo "2718"]
[BlackElo "2735"]
[Annotator "Tsesarsky,I"]
[PlyCount "82"]
[EventDate "2003.06.06"]
[EventType "k.o. (rapid)"]
[EventRounds "2"]
[EventCountry "ESP"]
[SourceTitle "CBM 096"]
[Source "ChessBase"]
[SourceDate "2003.09.25"]
[SourceVersion "1"]
[SourceVersionDate "2003.09.25"]
[SourceQuality "1"]

1. d4 Nf6 2. c4 c5 3. d5 g6 4. Nc3 Bg7 5. e4 d6 6. Nf3 O-O 7. Be2 e6 8. O-O Na6
9. dxe6 Bxe6 $16 {The idea of this variation is to recieve good piece play for
weak Pd6. However, in my opinion, White has steady advantage in this variation.
I woudn't recommend to play it vs R. Ponomarev.} 10. Bf4 {[%csl Rd6]} ({
Interesting is} 10. Bg5 $1 Qb6 11. Qd2 Rfe8 12. Ne1 (12. Rfd1 $14) 12... Nb4
13. f4 Nxe4 14. Nxe4 Bxc4 15. Nf6+ Bxf6 16. Bxc4 Bd4+ 17. Kh1 d5 18. Be2 $16 {
1/2-1/2 Vaisser,A-Lechtynsky,J/Vrnjacka Banja 1984/MCD (41)}) 10... Qa5 ({
The most popular move is} 10... Qb6 11. Rb1 (11. Qb3 Qxb3 12. axb3 Rfd8 13.
Rfd1 Ne8 14. Rd2 Rd7 15. Rad1 Rad8 16. Nb5 b6 (16... h6 17. Nxa7 $16 (17. Nxd6
Nxd6 18. Bxd6 Bg4 19. Bf4 $16)) 17. Ng5 Nb8 (17... Nb4 18. Nxe6 fxe6 19. Bg5
Bf6 20. Bxf6 Nxf6 21. Rxd6 Rxd6 22. Rxd6 Rxd6 23. Nxd6 $16) 18. Nxe6 fxe6 19.
Bg5 Bf6 20. Bxf6 Nxf6 21. Rxd6 Nxe4 22. Rxd7 Rxd7 23. Rxd7 Nxd7 24. Nxa7 Nd6
25. Nc6 $16 {1-0 Hort,V-Cifuentes,A/Havana 1967/EXT 2001 (54)}) (11. Qd2 Rad8 (
11... Rfd8 12. Ng5 (12. h3 Qb4 13. a3 Qb3 14. Qd3 Nd7 15. Rab1 Ne5 16. Bxe5
dxe5 17. Nd5 Qxd3 18. Bxd3 Kf8 19. Rfd1 h6 20. Ne1 Rac8 21. Nc2 Bxd5 22. cxd5
c4 23. Be2 Nc5 $17 {0-1 Krush,I-Rogers,I/Hawaii 1998/EXT 99 (30)}) 12... Bd7
13. Rae1 Bc6 14. Nd5 Bxd5 15. exd5 h6 16. Nh3 Re8 17. Bd3 $14) (11... Rfe8 12.
Ne1 Rad8 13. Rd1 Nb4 14. Bg5 Rd7 15. Qf4 Qd8 16. Qh4 b5 17. e5 $1 (17. a3 $2 {
0-1 Caoili,A-Calotescu,A/Oropesa del Mar 2001/EXT 2002 (48)}) 17... dxe5 18.
Rxd7 Bxd7 19. Ne4 Re6 20. Nxc5 $18) 12. Rad1 (12. Rfe1 Nb4 13. h3 Nc6 14. b3
Rfe8 15. Rac1 Nd4 16. Bg5 Rc8 17. Nh2 Qc6 18. Bd3 $14 {0-1 Jurek,J-Petrov,M/
Pardubice 2001/CBM 83 ext (39)}) 12... Bg4 13. h3 Bxf3 14. Bxf3 Nc7 15. Bxd6
Nce8 16. e5 Nxd6 17. exd6 Ne8 18. Na4 Qxd6 19. Qa5 Bd4 20. Qxa7 Nf6 21. Nc3 (
21. Qxb7 Qf4 22. Qb3 $16) 21... Qe6 22. Nd5 Nxd5 23. Bxd5 Qf5 24. Qb6 $16 {
0-1 Browne,W-Wilder,M/Lone Pine 1980/MCD (38)}) (11. a3 Rfd8 12. Qc2 Nc7 13.
Rfd1 a6 14. Rd2 h6 15. Rad1 Nce8 16. h3 g5 17. Be3 Qc7 18. Nh2 b6 19. f4 gxf4
20. Bxf4 $16 {1/2-1/2 Goehler,A-Muresan,M/Dresden 1990/TD (64)}) ({Premature is
} 11. Bxd6 $2 Rfd8 12. e5 Ne8 13. Nb5 Nb4 14. a3 Nc6 15. b4 Nxd6 16. exd6 Bxa1
17. Qxa1 cxb4 18. Nc7 Rac8 $17 {1/2-1/2 Mellano,S-Giaccio,A/Buenos Aires 1991/
EXT 2002 (50)}) 11... Rad8 12. h3 Rfe8 13. Bg5 h6 14. Be3 Qc6 15. Nd2 Bc8 16.
a3 Nc7 17. b4 $14 {-see commented game  1-0 Kortschnoj,V-Plachetka,J/Ostrava
1994/CBM 42 [Ftacnik,L](38)}) 11. Re1 ({Possibly also} 11. Qd2 Rad8 12. a3 Rd7
13. h3 Rc8 14. Rad1 Qb6 15. Qc2 Nb8 16. Rd2 a6 17. Rfd1 Rcd8 18. g4 $16 {
0-1 Baragar,F-Gruenfeld,Y/Zagreb 1987/CBM 04 (65)}) 11... Rfe8 12. Bf1 (12. Qb3
Rad8 13. Rad1 {[%csl Rd6]} Bc8 {[%csl Re4]} 14. Bf1 Qb4 15. Qc2 {[%csl Rd6,Ge4]
} (15. Bxd6 Qxb3 16. axb3 Bf8 17. Bxf8 Rxd1 18. Nxd1 Kxf8 19. Nc3 Bg4 20. Nd2
$16) 15... Qb6 16. Nb5 Bf8 17. Bg5 Bg7 18. Qd2 $16) 12... Bg4 13. h3 Bxf3 14.
Qxf3 Nb4 {[%cal Gb4c2]} 15. Rac1 Nd7 16. Bxd6 ({Or} 16. a3 Nc6 17. Bxd6 Re6 18.
Bf4 (18. Qf4 Nde5 19. Red1 Nd4 20. b4 $18) 18... Rae8 19. Qd3 Bd4 20. Re2 $16)
16... Nxa2 17. Ra1 $2 $132 {Serious mistake.} ({Very strong was} 17. Nxa2 Qxa2
18. e5 $1 {This strong promotion was overlooked probably by both sides...} Qa6
(18... Nxe5 19. Qxb7 $22 $18 {[%csl Ra2,Ra8,Rc5,Re8]}) (18... Bxe5 19. Bxe5
Nxe5 20. Qc3 $18 {[%csl Ra2,Re5]}) 19. Qd5 Qb6 20. f4 $16) 17... Qb6 {[%csl
Rd6]} 18. Nb5 Nb4 19. Bc7 Qc6 20. Rad1 Nc2 21. Re2 a6 22. Rxc2 axb5 23. Bf4 b4
24. Rd6 Qxe4 25. Qxe4 Rxe4 26. Rxd7 $6 {Gives to the opponent strong
initiative.} ({Why not} 26. Be3 Nf8 27. Bxc5 (27. g3 Ra1 28. Kg2 Bd4 29. Bxd4
Rxd4 30. Rxd4 cxd4 31. Rd2 Ne6 $17) 27... b3 28. Rc1 Ra2 29. Rb1 Ne6 30. Be3
Bxb2 31. Rb6 $1 {and White equalizes:} (31. Rd3 $6 Rxe3 $1 (31... Bd4 32. Rbxb3
$11) 32. Rxe3 Nc5 33. g3 Bd4 34. Re2 Rxe2 35. Bxe2 b2 36. Kg2 Ne4 37. Bd3 Nxf2
38. Bc2 f5 39. Rf1 Ne4 40. Rd1 $15) 31... Bd4 32. Rxb7 Rxe3 33. fxe3 Bxe3+ 34.
Kh1 Nc5 35. R7xb3 $11) 26... Rxf4 27. g3 Rd4 28. Rxb7 Rd1 {[%cal Ga8a1]
Threatening Ra8-a1} 29. Kg2 Rb1 {[%csl Rb2]} 30. Bd3 Re8 (30... Rxb2 31. Rxb2
Bxb2 32. Be4 Ra2 (32... Bd4 33. Rxb4 cxb4 (33... Re8 34. Bc6 cxb4 35. Bxe8 b3
36. Ba4 b2 37. Bc2 $11) 34. Bxa8 b3 35. Be4 $11) 33. Bd5 Bd4 34. Rxf7 Kh8 35.
h4 b3 36. g4 h5 37. Rf8+ Kh7 38. Rf7+ Bg7 39. Rb7 b2 40. gxh5 gxh5 $11) 31. Re2
$2 $17 {Mistake!} ({Why not} 31. Rc7 $1 Bd4 32. Rd2 Rbe1 33. Ra7 $11) 31...
Rxe2 32. Rb8+ Bf8 33. Bxe2 Rxb2 34. Bf3 Kg7 35. Bd5 f5 36. g4 ({Or} 36. Kf1 h5
37. h4 Ra2 38. Rb6 Ra7 39. Ke2 (39. f4 Be7 40. Ke2 Bf6 {[%cal Gf6d4]} 41. Rb7+
Rxb7 42. Bxb7 b3 43. Kd1 Bd4 44. Kc1 Bf2 $19) 39... Be7 40. Kf3 Bf6 41. Kf4 Ra2
42. f3 Re2 43. g4 $17) 36... Re2 $2 $44 ({In case of} 36... Bd6 $2 37. Rb7+ $4
({White equalizes:} 37. Rd8 $1 Be5 {[%csl Rf2][%cal Ge5d4]} (37... Bf4 38. Kf3
Be5 39. g5 h6 40. Rd7+ Kh8 41. Rd8+ Kh7 42. Rd7+ Bg7 43. h4 Rc2 44. Rb7 $44)
38. g5 h6 39. Rd7+ Kh8 40. Rd8+ (40. gxh6 b3 $17) 40... Kh7 41. Rd7+ Bg7 42. h4
b3 43. Rb7 Rb1 44. Bf7 Rb2 (44... b2 45. Rb6 $16) (44... hxg5 45. hxg5 Rb2 46.
Bd5 $11) 45. Rb6 Bd4 46. Bxg6+ Kg7 47. gxh6+ Kxh6 48. Bxf5+ $11) 37... Kf6 38.
Rxh7 fxg4 39. hxg4 Be5 40. Kf3 Bd4 41. Rf7+ Kg5 42. Kg3 Rb3+ 43. f3 Be5+ 44.
Kf2 Rb1 $19) ({Worth of attention} 36... fxg4 $1 37. hxg4 Bd6 38. Rd8 Be7 (
38... Bf4 39. Kf3 g5 40. Rc8 Be5 41. Rxc5 Rxf2+ 42. Kxf2 Bd4+ 43. Kf3 Bxc5 44.
Be4 Kf6 {[%cal Gf6c3]} 45. Bxh7 Ke5 46. Ke2 Kd4 47. Kd2 b3 48. Kc1 $11 {
[%cal Gh7f5,Gc1b1]}) 39. Rd7 Kf8 40. Rc7 h6 $17 {With stable initiative.}) 37.
Kf3 Re1 38. g5 $1 {[%csl Rg7] Now Black pieces will remain on passive
positions.} Re7 39. h4 Rc7 40. Ke2 Ra7 41. Kd3 Rc7 1/2-1/2